000
00207 a2200097 4500
001
25573
100
_a
Naqi, S A
245
_a
Shaheed-e-Insaniat
260
_a
_b
Muktaba Imamia
_c
1971
090
_c
17294
_d
17294
942
_a
NUST-CAE
_c
M
_c
8107
999
_c
260646
_d
260646